000 00665 a2200241 4500
999 _c11409
_d11409
020 _a0340849029
050 0 0 _aHD 28
_bHAG 2003
100 _aHagan ,Peter
_eauthor
245 1 0 _aHigher Business Management /
_cPeter Hagan
264 _aPaisley:
_bHodder Gibson,
_c2003
300 _a335 pages
_billustrations ;
336 _atext
_btxt
_2rdacontent
337 _aunmediated
_bn
_2rdamedia
338 _avolume
_bnc
_2rdacarrier
500 _aincludes index
650 0 _aManagement
650 0 _aBusiness
650 7 _aBusiness.
650 7 _aManagement.
700 _aWylie,Alistair B
_eauthor
700 _aBeck,Anne
_eauthor
942 _2lcc
_cBK
_h28
_iHAG
_kHD